| 000 | 003780000a22001210004500 | ||
|---|---|---|---|
| 090 |
_aAS _bSeriadas |
||
| 245 | 1 | 0 | _aObservaciones sobre el código internacional de nomenclatura zoológica, cuarta edición |
| 041 | 0 | _aEspañol | |
| 700 | 1 |
_aSuárez Mayorga, Angela M. _92038 |
|
| 100 | 1 |
_aMartínez, Claudia _971 |
|
| 942 | _cARTICULO | ||
| 773 | 1 |
_tCaldasia _345 _h1 _q333-335 _d2001 _g23 |
|
| 999 |
_c14694 _d14694 |
||